Angelica: ang multo ng balete drive (Record no. 9030)

MARC details
000 -LEADER
fixed length control field 00866nam a22002177a 4500
003 - CONTROL NUMBER IDENTIFIER
control field OSt
005 - DATE AND TIME OF LATEST TRANSACTION
control field 20260312055734.0
008 - FIXED-LENGTH DATA ELEMENTS--GENERAL INFORMATION
fixed length control field 260312b |||||||| |||| 00| 0 eng d
020 ## - INTERNATIONAL STANDARD BOOK NUMBER
International Standard Book Number 978-971-518-9040
040 ## - CATALOGING SOURCE
Original cataloging agency DWCL GS lib
Transcribing agency OC
082 ## - DEWEY DECIMAL CLASSIFICATION NUMBER
Classification number M433a 2019
100 ## - MAIN ENTRY--PERSONAL NAME
Personal name MATIAS, SEGUNDO D., JR.
245 ## - TITLE STATEMENT
Title Angelica: ang multo ng balete drive
Statement of responsibility, etc. SEGUNDO D., MATIAS JR.
260 ## - PUBLICATION, DISTRIBUTION, ETC.
Place of publication, distribution, etc. Manila City
Name of publisher, distributor, etc. Lampara Publishing House
Date of publication, distribution, etc. 2019
300 ## - PHYSICAL DESCRIPTION
Extent 222 p
Other physical details illustrations
Dimensions 20cm
520 ## - SUMMARY, ETC.
Summary, etc. follows a young white lady ghost named Angelica who breaks the strict rules of the Balete Drive spirits by befriending a human child, Coby.
650 ## - SUBJECT ADDED ENTRY--TOPICAL TERM
Topical term or geographic name entry element isang White Lady na pinuno ng mga multo sa Balete Drive
650 ## - SUBJECT ADDED ENTRY--TOPICAL TERM
Topical term or geographic name entry element ang pagtataguyod ng kabutihan at pagtulong sa kapwa, kahit pa sa gitna ng takot o panganib
700 ## - ADDED ENTRY--PERSONAL NAME
Personal name SEGUNDO D., MATIAS JR.
942 ## - ADDED ENTRY ELEMENTS (KOHA)
Source of classification or shelving scheme Dewey Decimal Classification
Koha item type Fiction
Suppress in OPAC No

No items available.